000 01369nam0a2200313 4500
001 RU\NLR\bibl\98609
005 20250617082748.0
010 _a5-88996-164-0
_9200
021 _aRU
_b2000-20781
_9976
035 _a(NLR Aleph) 000096403
090 _a542745
_c542745
100 _a20000718d1999 |||y0rusy50 ca
101 0 _arus
102 _aRU
105 _ay |||||||||
200 1 _aОрганизация химических производств
_eСб. задач к практ. занятиям
_e[Для студентов днев. формы обучения по спец. 060805 - Экономика и упр. на предприятиях хим. пром.-сти]
_fС.В. Дыбаль
_gМ-во образования Рос. Федерации, С.-Петерб. гос. инж.-экон. акад.
210 _aСПб.
_cСПбГИЭА
_d1999
215 _a46 с.
_d20
320 _aБиблиогр.: с. 45 (9 назв.)
606 0 _aХимическая промышленность
_jСборники
_9947162
_3RU\NLR\auth\6632851
686 _aУ30(2)60я43
700 1 _aДыбаль
_bС. В.
_gСветлана Васильевна
_4070
801 0 _aRU
_bNLR
_c20000718
_gPSBO
801 1 _aRU
_bNLR
_c20000718
830 _aАвт. по кн.
852 _aNLR
_j2000-4/3231
942 _cBOOK
980 _aNB